| 000 | 00389pab a2200157 454500 | ||
|---|---|---|---|
| 008 | 180718b1988 xxu||||| |||| 00| 0 eng d | ||
| 100 | _aBerry, Joseph K. | ||
| 245 | _aAssesing spatial impacts of land use plans | ||
| 260 | _c1988 | ||
| 300 | _a1-9 | ||
| 362 | _aJul. | ||
| 650 | _aLand Use | ||
| 700 | _aJoyeek Berry | ||
| 773 | _aJournal of Environmental Management | ||
| 909 | _a12164 | ||
| 999 |
_c12164 _d12164 |
||